| 000 | 00688cab a2200229 4500 | ||
|---|---|---|---|
| 001 | WB2906-61 | ||
| 008 | 090401t1993 xxu||||| |||| 00| 0 eng d | ||
| 035 | _a(Sirsi) u48777 | ||
| 041 | _aeng | ||
| 245 | _aBenefits of relocating cut | ||
| 260 | _c1993 | ||
| 350 | _a0 | ||
| 490 |
_aTimes _v6 February 1993, 24(1) |
||
| 520 | _aInland Revenue has reduced the level of payment which employees are entitled to as an extra statutory tax free concession to help with relocation costs. | ||
| 650 | _aEXTRA STATUTORY CONCESSIONS | ||
| 650 | _aINLAND REVENUE | ||
| 650 | _aRELOCATION COSTS | ||
| 650 | _aTAX CONCESSIONS | ||
| 690 | _aTAXATION | ||
| 942 | _n0 | ||
| 948 | _c04/03/1997 | ||
| 999 |
_c30629 _d30629 |
||